00201nam a2200085Ia 4500008004100000100001400041245002600055260002500081300000900106190216s9999||||xx |||||||||||||| ||und|| aNinan. Vi 0aSubsidiary Statistics bMar Gregoriousc1980 a288p